000 00598nai a2200181Ia 4500
003 IN-BaIIA
008 211028c9999 xx s 000 0 eng d
022 _a1099-0690 (Online)
022 _a1434-193X (Print)
040 _cIIA Library
245 0 _aEuropean Journal Of Organic Chemistry
_h[eJournal]
260 _aNew Jersey
_bJohn Wiley & Sons
310 _a48/year
362 _a1996(1); 1996 - Present
521 _bSubscribed through National Knowledge Resource Consortium (NKRC)
856 _uhttps://onlinelibrary.wiley.com/journal/10990690
_yClick Here to Access eJournal
942 _cEJ
999 _c34356
_d34356